Quá trình phát triển hệ thống sông đào ở Việt Nam (từ thế kỷ X đến nửa đầu thế kỷ XIX) /

Wedi'i Gadw mewn:
Manylion Llyfryddiaeth
Prif Awdur: Hà Mạnh Khoa
Fformat: Erthygl
Iaith:Vietnamese
Pynciau:
Tagiau: Ychwanegu Tag
Dim Tagiau, Byddwch y cyntaf i dagio'r cofnod hwn!
Thư viện lưu trữ: Thư viện Trường Đại học Đà Lạt
LEADER 00804nam a2200277 4500
001 DLU060051934
040 # # |a DLU  |b vie 
041 # # |a vie 
044 # # |a vn 
100 # # |a Hà Mạnh Khoa 
245 # # |a Quá trình phát triển hệ thống sông đào ở Việt Nam (từ thế kỷ X đến nửa đầu thế kỷ XIX) /  |c Hà Mạnh Khoa 
653 # # |a Kênh rạch 
653 # # |a Sông  
653 # # |a Thuỷ lợi 
773 # # |t Nghiên cứu lịch sử  |g Số 3, 2005, tr.42-51 
920 # # |a Phòng Tạp chí -- Trung tâm Thông tin - Thư viện Trường Đại học Đà Lạt 
933 # # |a CT, TN 
994 # # |a DLU 
900 # # |a True 
911 # # |a Nguyễn Thị Yên 
925 # # |a G 
926 # # |a A 
927 # # |a BB 
980 # # |a Thư viện Trường Đại học Đà Lạt